Größte Städte der Welt nach Buchstabe - C - Extrem - Statistiken

Allgemein
  • Dieses Quiz wurde 66 mal gespielt
    44 seit der letzten Aktualisierung
  • Das Durchschnittsergebnis liegt bei 17 aus 43
Antwortstatistiken
Einwohner Land Stadt % Korrekt
4.925 Mio. Sri Lanka Colombo
93%
3.825 Mio. Venezuela Caracas
89%
4.775 Mio. Marokko Casablanca
89%
9.65 Mio. USA Chicago
86%
2.875 Mio. Guinea Conakry
86%
17.3 Mio. China Chengdu
75%
1.46 Mio. Kanada Calgary
71%
1.60 Mio. Ukraine Charkiw
71%
2.75 Mio. Philippinen Cebu
68%
2.60 Mio. USA Charlotte
68%
12.6 Mio. Indien Chennai
68%
5.00 Mio. Bangladesch Chittagong
68%
2.95 Mio. Kolumbien Cali
64%
2.80 Mio. USA Cincinnati
64%
2.075 Mio. Benin Cotonou
64%
3.05 Mio. USA Cleveland
61%
3.425 Mio. Brasilien Curitiba
57%
11.0 Mio. China Changsha
50%
1.79 Mio. Argentinien Córdoba
50%
5.05 Mio. China Changchun
39%
3.25 Mio. Brasilien Campinas
36%
1.06 Mio. Mexiko Cancún
36%
10.9 Mio. China Chungking
36%
3.00 Mio. Indien Coimbatore
36%
2.675 Mio. Indien Chandigarh
21%
1.81 Mio. USA Columbus
21%
1.22 Mio. USA Cape Coral
18%
1.22 Mio. Kolumbien Cartagena
14%
1.49 Mio. Bolivien Cochabamba
14%
1.06 Mio. Mexiko Chihuahua
11%
1.62 Mio. Mexiko Ciudad Juárez
11%
1.09 Mio. Kolumbien Cúcuta
7%
1.05 Mio. Indien Calicut
4%
1.01 Mio. Südkorea Changwon
4%
1.21 Mio. Südkorea Cheongju
4%
1.77 Mio. China Cangnan
0%
1.20 Mio. China Changde
0%
1.23 Mio. China Changzhi
0%
1.16 Mio. China Chìfēng
0%
1.52 Mio. Thailand Chonburi
0%
1.03 Mio. China Chúzhōu
0%
1.21 Mio. Indonesien Cirebon
0%
1.21 Mio. Mexiko Cuernavaca
0%
Keine übereinstimmenden Quizze gefunden
Verteilung der Resultate
Anzahl Personen mit jedem Resultat
Perzentil nach korrekt beantworteten Fragen
Ihre Resultats-Entwicklung
Sie haben dieses Quiz seit der letzten Aktualisierung nicht gespielt